| 000 | 00000nam##2200000za#4500 |
| 001 | 9.572529 |
| 003 | CaOODSP |
| 005 | 20220111083110 |
| 007 | cr ||||||||||| |
| 008 | 150406|1997||||xxc|||||o f|0| 0 eng|d |
| 022 | |a1928-6414 |
| 040 | |aCaOODSP|beng |
| 043 | |an-cn--- |
| 086 | 1 |aNE22-1/1997-6E-PDF |
| 110 | 1 |aCanada. |bNational Energy Board. |
| 245 | 10|aReasons for decision in the matter of Novagas Clearinghouse Pipelines Ltd. : |h[electronic resource]|bapplication dated 20 September 1996, as amended, for the Taylor-Boundary Lake liquids pipeline |
| 246 | 1 |iVariant title : |aNovagas Clearinghouse Pipelines Ltd. |
| 260 | |aCalgary - Alberta : |bNational Energy Board |cMay 1997. |
| 300 | |a29p.|bmaps, table |
| 490 | 1 |aReasons for decision|x1928-6414|vOH-2-96 |
| 500 | |aThe catalogue number (NE22-1/1997-6E) and ISBN (0-662-25725-1) for the print edition have been incorrectly copied in this electronic publication. |
| 590 | |a12-09-Supp|b2012-03-21 |
| 775 | 08|tMotifs de décision relativement à Novagas Clearinghouse Pipelines Ltd. : |w(CaOODSP)9.602877 |
| 776 | 0#|tIn the matter of Novagas Clearinghouse Pipelines Ltd. : |w(CaOODSP)9.613781 |
| 830 | #0|aReasons for decision (Canada. National Energy Board)|x1928-6414|vOH-2-96|w(CaOODSP)9.504480 |
| 856 | 40|ahttp://publications.gc.ca|qPDF|s194 KB|uhttps://publications.gc.ca/collections/Collection/NE22-1-1997-6E.pdf|yOH-2-96 |